| Tag |
First Indicator |
Second Indicator |
Subfields |
| LEADER |
00000cam a2200000 i 4500 |
| 001 |
in00000033815 |
| 005 |
20151007063322.0 |
| 008 |
800107s1900 gw 000 0 ger d |
| 035 |
|
|
|a (OCoLC)05849525
|
| 035 |
|
|
|9 AAD7102AM
|
| 040 |
|
|
|a DVP
|c DVP
|d UtOrBLW
|
| 049 |
|
|
|a TXAM
|c 1 [46339]
|c 2 [46340]
|
| 090 |
|
|
|a PT3919.N52
|b W45
|
| 092 |
|
|
|a 831
|b N676w
|
| 100 |
1 |
|
|a Nies, Konrad,
|d 1861-1921.
|
| 245 |
1 |
0 |
|a Welt und Wildnis :
|b Gedichte und Lieder aus vier Erdteilen /
|c von Konrad Nies.
|
| 264 |
|
1 |
|a Leipzig :
|b W. Härtel ;
|a San Francisco :
|b E. Hirsch,
|c [between 1900 and 1909]
|
| 300 |
|
|
|a 182 pages ;
|c 19 cm.
|
| 336 |
|
|
|a text
|b txt
|2 rdacontent
|
| 337 |
|
|
|a unmediated
|b n
|2 rdamedia
|
| 338 |
|
|
|a volume
|b nc
|2 rdacarrier
|
| 999 |
|
|
|a MARS
|
| 999 |
f |
f |
|s 5877de86-abfe-37dd-ad57-1756bae48465
|i bc1f8013-2706-3e57-b443-5a987debf8f0
|t 0
|
| 952 |
f |
f |
|p ric
|a Texas A&M University
|b Rellis Campus
|c Joint Library Facility
|s JLF
|d Remote Storage
|t 0
|e PT3919.N52 W45
|h Library of Congress classification
|i unmediated -- volume
|m A14801351532
|
| 998 |
f |
f |
|a PT3919.N52 W45
|t 0
|l Remote Storage
|